000 01287nam a22003737a 4500
001 BR6002241
003 BR-BrBNA
005 20230928083121.0
007 ta
008 230509b bl.||||| |||| 00| 0 por d
040 _aBR-BrBNA
_bpor
_cBiblioteca Nacional de Agricultura
041 _a(Por)
072 _aF00; E70; E15
_b0330
_b2120
_b0120
_b1410
_b1540
_b0180
_b0230
_b8966
_b0210
_b/G514
090 _ 0330 BR6002241
100 1 _aPenteado, J.E.
110 1 _aBanco de Desenvolvimento do Parana S.A., Curitiba (Brasil). Depto. de Estudos Economicos
_91090
245 1 _aProducao agricola no Parana 1960-1970 [oleaginosas, soja, algodao, amendoim, mamona, milho, feijao, arroz, mandioca, trigo, cana de acucar, menta, oleo essencial, batata inglesa, Brasil]
260 3 _aCuritiba, PR (Brasil):
_c1970.
300 _a114 p.
500 _aNumerical data; Reprint of "Revista Paranaense de Desenvolvimento", Jun/Aug 1970 no. 19
650 _aMERCADO
650 _aESTATISTICA DE PRODUCAO
650 _aCAFE
650 _aPLANTA OLEAGINOSA
650 _aMILHO
650 _aFEIJAO
650 _aTRIGO
650 _aCANA DE ACUCAR
650 _aOLEO ESSENCIAL
650 _aBATATA INGLESA
650 _aPARANA
909 _a202309
_bLucia
_c55
_dLucia Elande
942 _cBK
999 _c11651
_d11651